| 000 | 00939nam a2200265 i 4500 | ||
|---|---|---|---|
| 005 | 20220317000643.0 | ||
| 008 | 160601s2003 sp a gs 000 0 spa d | ||
| 020 | _a8481561800 | ||
| 040 |
_aCO-BoRNBP _bspa _cCO-BoRNBP _erda |
||
| 082 | 0 | 4 |
_a759.46 _bR16g |
| 100 | 1 |
_aRapelli, Paola _eautora |
|
| 245 | 1 | 0 |
_aGoya _bun genio irónico en el lumbral de la pintura moderna _cPaola Rapelli ; traducción Emilio Alvarez |
| 250 | _aPrimera edición | ||
| 264 | 1 |
_aBarcelona _bElecta _c2003 |
|
| 300 |
_a143 páginas _bilustraciones a color _c21 cm |
||
| 336 |
_atexto _btxt _2rdacontent |
||
| 337 |
_asin mediación _bn _2rdamedia |
||
| 338 |
_avolumen _bnc _2rdacarrier |
||
| 600 | 1 | 4 |
_aGoya y Lucientes, Francisco de _d1746-1828 _xCrítica e interpretación _951942 |
| 650 | 1 | 4 |
_aPintores españoles _2LEMB |
| 650 | 1 | 4 |
_aPintura española _2LEMB |
| 650 | 1 | 4 |
_aArte español _2LEMB |
| 700 | 1 |
_aAlvarez, Emilio, _etraductor _9127922 |
|
| 942 |
_2ddc _cBK |
||
| 999 |
_c4679 _d4679 |
||